000 00660nam a2200229Ia 4500
003 OSt
005 20220926005450.0
006 a|||||r|||| 00| 0
007 ta
008 220923b |||||||| |||| 00| 0 eng d
037 _cGeneral Book
040 _aRTL
_cRTL
_beng
041 _2eng
_aeng
082 _aX93, M0
100 _aKidwai Waris R. Ed.
_9310373
245 0 _aPublic sector
_b An introspection
260 _a New Delhi
_bStanding Conference on Public Enterprises India
_c1980
300 _a280p.
_ccm.
650 _aPublic Sector Economics
942 _hX93, M0
_cGB
_2CC
999 _c613924
_d613924